00249nam a2200097Ia 4500008004100000100001500041245004500056260002900101260000900130546001200139170619s9999 xx 000 0 und d aWeigand- B 0aAnalytical Methods for Transfers & F.F.P bSpringer Link : New york c2009 aENGLISH